000 00522cam a2200181ua 4500
001 1105
008 110428n ii |||gr||||Z||||||eng
040 _cMAIN
082 _a322.4454162
245 1 _aBharatar swadhinata andulanat ashomia satrar bhumika.
_cBy Ramesh Kalita.
250 _a1st.
260 _aNalbari.:
_bManannay granthalay.,986.
300 _a203 p.:
_c20 cm.
653 _aPolitical science.
653 _aBharatar swadhinata andulanat ashomia satrar bhumika.
700 1 _aKalita, Ramesh.,
942 _cBK
999 _c1020
_d1020